书目信息 |
| 题名: |
花卉摄影技法
|
|
| 作者: | 平野隆久 著 | |
| 分册: | ||
| 出版信息: | 长春 吉林科学技术出版社 1999.1 |
|
| 页数: | 191页 | |
| 开本: | 20开 | |
| 丛书名: | 图解摄影技法译丛 | |
| 单 册: | ||
| 中图分类: | J414.5 | |
| 科图分类: | ||
| 主题词: | 夜间摄影--摄影艺术 | |
| 电子资源: | ||
| ISBN: | 7-5384-1994-2 | |
| 000 | 00629nam2 2200217 45 | |
| 001 | 0012251548 | |
| 005 | 20041122105140.1 | |
| 010 | @a7-5384-1994-2@dCNY33.50 | |
| 100 | @a20001225d1999 km y0chiy0120 ea | |
| 101 | 0 | @achi@cjpn |
| 105 | @a z 000yy | |
| 200 | 1 | @a花卉摄影技法@AHua Hui She Ying Ji Fa@f(日)平野隆久著@F(Ri)Ping Ye LongJiu Zhu |
| 210 | @a长春@c吉林科学技术出版社@d1999.1 | |
| 215 | @a191页@c彩图@d20开 | |
| 225 | @a图解摄影技法译丛 | |
| 410 | @12001 @a图解摄影技法译丛 | |
| 606 | 0 | @a夜间摄影@x摄影艺术 |
| 690 | @aJ414.5@v1 | |
| 701 | 0 | @a平野隆久@4著 |
| 801 | @aCN@bTSTC@c20001225 | |
| 905 | @dJ414.5@e103 | |
| 花卉摄影技法/(日)平野隆久著.-长春:吉林科学技术出版社,1999.1 |
| 191页:彩图;20开.-(图解摄影技法译丛) |
| ISBN 7-5384-1994-2:CNY33.50 |
| ● |
| 相关链接 |
|
|
|
|
正题名:花卉摄影技法
索取号:J414.5/103
 
预约/预借
| 序号 | 登录号 | 条形码 | 馆藏地/架位号 | 状态 | 备注 |
| 1 | 0294212 | 002942123 | 第一借阅区/ [索取号:J414.5/103] | 在馆 | |
| 2 | 0294213 | 002942132 | 第一借阅区/ [索取号:J414.5/103] | 在馆 | |
| 3 | 0294214 | 002942141 | 第一借阅区/ [索取号:J414.5/103] | 在馆 | |
| 4 | 0294215 | 002942150 | 第一借阅区/ [索取号:J414.5/103] | 在馆 | |
| 5 | 0294216 | 002942169 | 第一样本阅览室/ [索取号:J414.5/103] | 在馆 |